Assessing progress on the road to peace: (Record no. 4599)
[ view plain ]
| 000 -LEADER | |
|---|---|
| fixed length control field | 00734nam a2200181 4500 |
| 008 - FIXED-LENGTH DATA ELEMENTS--GENERAL INFORMATION | |
| fixed length control field | 240107b |||||||| |||| 00| 0 eng d |
| 082 ## - DEWEY DECIMAL CLASSIFICATION NUMBER | |
| Classification number | 303.69 |
| Item number | GLO |
| 942 ## - ADDED ENTRY ELEMENTS (KOHA) | |
| Item Type | Reports |
| 110 ## - MAIN ENTRY--CORPORATE NAME | |
| Corporate Name | Global partnership for the prevent of the armed conflict |
| 700 ## - ADDED ENTRY--PERSONAL NAME | |
| Personal name | Scheera, Goele |
| Relator Term | editor |
| 245 ## - TITLE STATEMENT | |
| Title | Assessing progress on the road to peace: |
| Sub Title | planning, monitoring and evaluating conflict prevention and peacebuilding activities |
| 260 ## - PUBLICATION, DISTRIBUTION, ETC. (IMPRINT) | |
| Place of Publication | Hague: |
| Name of Publisher | European centre for conflict prevention/Global Secretariat, |
| Date of Copyright | 2008 |
| 300 ## - PHYSICAL DESCRIPTION | |
| Extent | 60 p. |
| 440 ## - SERIES STATEMENT/ADDED ENTRY--TITLE | |
| Title | Issue paper |
| Volume | 5 |
| 856 ## - ELECTRONIC LOCATION AND ACCESS | |
| Uniform Resource Identifier | <a href="https://peacemaker.un.org/sites/peacemaker.un.org/files/AssessingProgressontheRoadtoPeace_ECCP2008.pdf">https://peacemaker.un.org/sites/peacemaker.un.org/files/AssessingProgressontheRoadtoPeace_ECCP2008.pdf</a> |
| 650 ## - SUBJECT ADDED ENTRY--TOPICAL TERM | |
| Topical Term | PEACE BUILDING |
| 650 ## - SUBJECT ADDED ENTRY--TOPICAL TERM | |
| Topical Term | Conflict resolution |
| Withdrawn status | Lost status | Source of classification or shelving scheme | Damaged status | Not for loan | Permanent location | Current location | Date acquired | Total Checkouts | Full call number | Barcode | Date last seen | Price effective from | Koha item type |
|---|---|---|---|---|---|---|---|---|---|---|---|---|---|
| Dewey Decimal Classification | Resource center, Muslim Women's Research And Action Forum | Resource center, Muslim Women's Research And Action Forum | 2024-01-07 | 303.69 GLO | RAF4690 | 2024-01-07 | 2024-01-07 | Reports |

